000 00356cam a22001337a 4500
008 180718b1984 xxu||||| |||| 00| 0 eng d
082 _aA3 C461a
100 _aChristie, Agath
245 _aAppointment with death
_cby Agath Christie
260 _aNew York
_bBerkly Books
_c1984
300 _a212p.
440 _aA hercule poirot mystery
650 _aFiction
999 _c381918
_d381918